Word Ladder: Stag Party Quiz Stats

 Plays Quiz Updated May 7, 2015

Challenge
Share
Tweet
Embed
Score 0/26 Timer 03:00
1 Play Today
Clue 3-Letter Word % Correct
Adult male ♂MAN
98.8%
Parental male ♂DAD
98%
Aykroyd, Brown or CastellanetaDAN
94.6%
'Now I ___ me down to sleep'LAY
94.3%
Young male ♂BOY
94.3%
Knighted male ♂SIR
92%
Juvenile male ♂LAD
91.4%
Carbine or musket GUN
91.1%
Martini ingredientGIN
91%
Word that precedes voyage or JoviBON
90.9%
Happy hour spotBAR
90%
Generic male ♂GUY
89.6%
MerryGAY
89%
Clue 3-Letter Word % Correct
ProhibitBAN
88.7%
Hudson or Chesapeake e.g.BAY
88.5%
Female equivalent of a frat.SOR.
88.2%
Ghost's cryBOO
87.9%
Junior male ♂SON
87.4%
Adult males ♂MEN
86.1%
TransgressionSIN
85%
Man cave, perhapsDEN
80.3%
Respected male ♂DON
77.6%
Damage or disfigureMAR
73.2%
Former Russian space stationMIR
71.9%
Familiar male ♂BRO
67.1%
Exclamation said with a shiverBRR
66.8%

Today's Daily Dose

You're not logged in!

Compare scores with friends on all Sporcle quizzes.
OR
Log In

You Might Also Like...

Show Comments

Extras

Top Quizzes Today


Score Distribution

Your Account Isn't Verified!

In order to create a playlist on Sporcle, you need to verify the email address you used during registration. Go to your Sporcle Settings to finish the process.

Report this User

Report this user for behavior that violates our Community Guidelines.

Details: